000 00594nam a2200181Ia 4500
008 100921s9999 xx 000 0 und d
082 _b9103
_a891.463 थ 72
100 _aभावे पुरूषोत्तम भास्कर.
245 _aदोन भिंती.
260 _bसंजय प्रकाशन,पुणे.
_c1972
300 _a91
_b---
365 _b5
520 _aललित-कादंबरी.
630 _aदोन भिंती.
650 _aललित-कादंबरी.
730 _aदोन भिंती.
942 _cBOOK
999 _c758216
_d758213